000 00541nam a2200205Ii 4500
003 JO-AjNU
008 230606s9999||||xx |||||||||||||| ||und||
020 _a0-7506-6876-8
040 _aJO-AjNU
_beng
_erda
_cJO-AjNU
041 _aeng
050 1 4 _aT385.Y39.2006
100 3 _aYarwood,Alf,
_eauthor
_94252
245 0 0 _aIntroduction to Autocad2006
250 _a1 ed
264 3 1 _aOxford:Elsevier,2006
300 _a328p
336 _atext
_btxt
_2rdacontent
337 _aunmediated
_bn
_2rdamedia
338 _avolume
_bnc
_2rdacarrier
999 _aE2211
_c2209
_d2209